[Event "Berlin-ch Seniors op 32nd"]
[Site "Berlin"]
[Date "2016.02.04"]
[Round "9"]
[White "Gmerek, Henning"]
[Black "Leimbrock, Klaus Dieter"]
[Result "1-0"]
[WhiteElo "1584"]
[BlackElo "1230"]
[PlyCount "69"]
[EventDate "2016.01.26"]
[EventType "swiss"]
[EventRounds "9"]
[EventCountry "GER"]
[SourceTitle "EXT 2019"]
[Source "ChessBase"]
[SourceDate "2018.10.10"]
[SourceVersion "1"]
[SourceVersionDate "2018.10.10"]
[SourceQuality "1"]

1. d4 d5 2. c4 e6 3. Nc3 Nf6 4. Bg5 Be7 5. cxd5 exd5 6. Nf3 h6 7. Bh4 Nc6 8. e3 Bg4 9. Be2 Bf5 10. Bg3 a6 11. 0-0 Bd6 12. Bxd6 Qxd6 13. Nh4 Bh7 14. g3 0-0 15. Qb3 Qb4 16. Nxd5 Qxb3 17. Nxf6+ gxf6 18. axb3 Rfe8 19. Rfc1 Nxd4 20. Bxa6 Nxb3 21. Bxb7 Rxa1 22. Rxa1 Nxa1 23. b4 Rb8 24. Bd5 Rxb4 25. e4 Bxe4 26. Bxe4 Rxe4 27. Nf5 Kh7 28. Kg2 Nc2 29. Kf3 Re5 30. g4 Kg6 31. Kf4 Re2 32. Kg3 Rd2 33. h4 Nd4 34. h5+ Kg5 35. f4# 1-0

[Event "Berlin-ch Seniors op 32nd"]
[Site "Berlin"]
[Date "2016.02.01"]
[Round "6"]
[White "Leimbrock, Klaus Dieter"]
[Black "Toth, Hans Juergen"]
[Result "0-1"]
[WhiteElo "1230"]
[BlackElo "1585"]
[PlyCount "90"]
[EventDate "2016.01.26"]
[EventType "swiss"]
[EventRounds "9"]
[EventCountry "GER"]
[SourceTitle "EXT 2019"]
[Source "ChessBase"]
[SourceDate "2018.10.10"]
[SourceVersion "1"]
[SourceVersionDate "2018.10.10"]
[SourceQuality "1"]

1. d4 f5 2. Nf3 Nf6 3. e3 e6 4. c4 c6 5. a3 d5 6. Bd2 Nbd7 7. Nc3 Bd6 8. c5 Bc7 9. b4 0-0 10. Bd3 Ne4 11. Bxe4 fxe4 12. Ng1 e5 13. Nh3 Nf6 14. Ne2 Bxh3 15. gxh3 Nd7 16. Ng3 Qf6 17. Qe2 exd4 18. Nh5 Qh4 19. exd4 Rf3 20. Ng3 Raf8 21. Rg1 Qxh3 22. Qf1 Qxf1+ 23. Nxf1 Rxf2 24. Bh6 R2f7 25. 0-0-0 Bf4+ 26. Bxf4 Rxf4 27. Ng3 Rf2 28. Rdf1 Rxh2 29. Rxf8+ Kxf8 30. Nf5 g6 31. Nd6 Ra2 32. Rf1+ Ke7 33. Rf7+ Ke6 34. Rxh7 Rxa3 35. Rh6 Kf6 36. Rh7 Nf8 37. Rf7+ Kg5 38. Rxf8 Rf3 39. Rxf3 exf3 40. Nf7+ Kf4 41. Kd2 g5 42. Nxg5 Kxg5 43. Ke3 Kg4 44. Kf2 Kf4 45. Kf1 Ke3 0-1